000 00450nam a22001697a 4500
003 NUST - PNEC
005 20170116181157.0
008 160113b xxu||||| |||| 00| 0 eng d
020 _a-
022 _a10203397
040 _cLIBRARY
082 _a610 WHO
100 _916049
_aWHO (World Health Organization)
245 _aEastern mediterranean health journal
_cWorld Health Organization
650 _916050
_aHealth
_xGeneral
942 _2ddc
_cBK
999 _c71275
_d71275